000 01889nam a22003977a 4500
003 UA-OsUOA
001 67502
007 ta
008 20100226b un ||||| |||| 00| 0 ukr d
100 _aМатвіїшин В.
090 _a82.09(477)
_bМ33
942 _cBK
040 _aUA-OsUOA
_bukr
_cUA-OsUOA
_dUA-OsUOA
245 _aУкраїнський літературний європеїзм
_bМонографія
300 _a260 с.
955 _a1
041 _aukr
080 _a82.09(477)
020 _a978-966-580-306-5
520 3 _aрубіжних літератур, теорією і практикою літературної компаративістики.Зміст1. Витоки інонаціонального буття зарубіжних літератур в Україні2. Рецептивна естетика в історико-типологічних контекстах2.1. "Енеїда" Івана Котляревського як епохальн
520 3 _aтетична функція ритму в перекладах зарубіжної художньої прози 3.10. "Гірка правда" Гі де Мопассана і розвиток психологічної прози в Україні3.11. "Мужицька смерть" Леся Мартовича і Еміля Золя3.12. Науково-публіцистична діяльність Ілька Борщака у Ф
520 3 _aранції3.13. В Україні його вважали "найліпшим французом"
520 3 _a
520 3 _a
520 3 _a
520 3 _a
520 3 _a
520 3 _a
520 3 _a
520 3 _a
520 3 _a
520 3 _a
260 _aК.
_bАкадемія
_c2009
650 7 _a82 Література. Літературознавство
_2UDC
999 _c353681
_d353681